| 000 | 00794nam a2200253Ia 4500 | ||
|---|---|---|---|
| 008 | 160404s9999 xx 000 0 und d | ||
| 020 | _a971233077X | ||
| 050 | _aFIL HF 5661 | ||
| 050 | _b.E28 2001 c.2 | ||
| 100 | _aEbusca, Saturnino Yadao. | ||
| 245 | _aBookkeeping for servicing and merchandising firms : | ||
| 245 | _ban introduction to accounting / | ||
| 245 | _cSaturnino Yadao Ebusca | ||
| 260 | _aManila : | ||
| 260 | _bRex Book Store, Inc., | ||
| 260 | _c2001 | ||
| 300 | _a418 pages : | ||
| 300 | _billustrations ; | ||
| 300 | _c23 cm. | ||
| 500 | _aIncludes bibliographical references. | ||
| 650 | _aBookkeeping -- Problems, exercises, etc. | ||
| 650 | _aSmall business -- Philippines -- Accounting. | ||
| 650 | _xService industries -- Philippines -- Accounting. | ||
| 999 |
_c293229 _d293229 |
||